Introducción a las señales aleatorias
Bewaard in:
| Hoofdauteurs: | , , |
|---|---|
| Formaat: | Boek |
| Taal: | Spaans |
| Gepubliceerd in: |
Valencia
Universidad Politécnica de Valencia
1999
|
| Onderwerpen: | |
| Tags: |
Voeg label toe
Geen labels, Wees de eerste die dit record labelt!
|
MARC
| LEADER | 00000nam a2200000 a 4500 | ||
|---|---|---|---|
| 001 | UCK7676 | ||
| 003 | CL-VaPUC | ||
| 008 | 051202e19990000SP |||||||||||||||||spa|d | ||
| 020 | |a 8477217971 | ||
| 082 | 0 | 4 | |a 621.3822 |b DIE |2 21 |
| 100 | 0 | |a Diego, María de |e author |9 497209 | |
| 700 | |a González Salvador, Alberto |e author |9 497210 | ||
| 700 | 0 | |a Piñero, Gema |e author |9 497211 | |
| 245 | 1 | 0 | |a Introducción a las señales aleatorias |
| 300 | |a 99 p | ||
| 942 | |c BK | ||
| 945 | |d 20051202 00:00:00 |a cmena | ||
| 260 | |a Valencia |b Universidad Politécnica de Valencia |c 1999 | ||
| 650 | 0 | |a Señales |9 268475 | |
| 650 | 0 | |a Procesamiento de señales |9 260702 | |
| 650 | 0 | |a Telecomunicaciones |9 257195 | |
| 650 | 0 | |a Sistemas lineales |9 384816 | |
| 650 | 0 | |a Problemas, ejercicios, etc |9 259377 | |
| 650 | 7 | |a LINEAS DE TRANSMISION |2 CL-VaPUC |9 453303 | |
| 650 | 0 | |a Propagación de ondas |9 263256 | |
| 583 | |a last modification |c 20051202 00:00:00 |k Rodrigo Vera | ||
| 999 | |c 315528 |d 315526 | ||
| 952 | |0 0 |1 0 |4 0 |6 621_382200000000000_DIE_1999 |7 0 |8 A |9 388840 |a BIBING |b BIBING |d 2019-11-22 |i 4181557 |l 2 |o 621.3822 DIE 1999 |p 4181557 |r 2025-01-20 |s 2022-06-01 |w 2019-11-22 |y BK |k EIE | ||